[Event "27th Keres Memorial 2018"]
[Site "Tallinn"]
[Date "2018.01.13"]
[Round "3"]
[White "Kovalev, Vladislav"]
[Black "Vorobjov, Pavel"]
[Result "1-0"]
[WhiteElo "2642"]
[BlackElo "2281"]
[Annotator "TA"]
[PlyCount "123"]
[EventDate "2018.??.??"]
[EventType "swiss"]
[EventCountry "EST"]
[SourceTitle "playchess.com"]
[Source "ChessBase"]
[SourceQuality "1"]

{[%evp 18,123,0,-6,0,-28,-25,-26,9,0,0,0,37,4,84,74,85,76,75,80,81,76,77,83,74,76,81,56,68,38,36,63,56,64,72,52,91,81,110,99,134,38,36,35,149,0,95,110,107,113,105,114,106,92,127,123,136,116,121,66,136,136,149,149,181,182,183,185,184,181,205,145,137,27,116,118,107,83,87,22,42,22,35,21,32,35,52,0,0,0,-1,-8,-8,-22,1181,1182,1186,1167,1133,1099,1119,1061,1100,966,1038,985,5439,1083]} 1. e4 c5 2. Be2 Nc6 3. d3 e6 4. f4 d5 5. Nf3 dxe4 (5... Nf6 6. e5 Nd7 7. c3 b5 8. O-O Be7 9. Be3 Rb8 10. Nbd2 a5 11. d4 b4 12. c4 cxd4 13. Nxd4 Nxd4 14. Bxd4 {0-1 (47) Kovalev,V (2639)-Ganguly,S (2650) Riadh 2017}) 6. dxe4 {B21: Sicilian: 2 f4 and Morra Gambit} Qxd1+ 7. Bxd1 Nf6 8. Nbd2 b6 9. c3 Bb7 10. Bc2 {LiveBook: 3 Games} h6 11. a3 $146 ({Find the theoretical novelty and annotate with similar games:} 11. O-O O-O-O 12. Re1 {0-1 (22) Abuladze,L (2016)-Travkina,A (2083) Smolensk 2008}) 11... Be7 12. e5 Nd7 13. Ne4 O-O-O 14. Be3 g5 15. O-O-O g4 (15... Na5 $11 {remains equal.}) 16. Nfd2 $36 {[%mdl 2048] Keeping Black busy.} f5 17. exf6 Nxf6 18. Nxf6 Bxf6 19. Ne4 Be7 20. b4 cxb4 21. axb4 Rhf8 22. Rhe1 Rxd1+ 23. Rxd1 ({Much weaker is} 23. Bxd1 Nxb4 24. cxb4 Bxe4 $15) 23... Kc7 24. g3 a5 25. b5 Ba3+ 26. Kb1 Ne7 27. Bd4 Nf5 28. Be5+ Kc8 {[#]} 29. Nf6 (29. Nd6+ $1 $16 Nxd6 30. Bxd6 Bxd6 31. Rxd6) 29... Bf3 $14 30. Re1 {Black must now prevent Bb3.} Rd8 (30... Be7 $1 $14 31. Ne4 Kd7) 31. Ne4 (31. Bb3 $16 Ng7 32. Bd4) 31... Rd5 {[#]} (31... Bxe4 $11 32. Rxe4 Rd2) 32. Bb3 $1 $16 Rxb5 33. Ka2 Rxb3 34. Kxb3 Be7 35. Nd2 Bd5+ 36. c4 Bc6 37. Bc3 Kd7 38. Kc2 (38. Ne4 $16) 38... Bc5 (38... h5 $14) 39. Kd3 a4 40. Ne4 Be7 41. Rb1 Kc7 42. Bb4 Bd8 43. Ba3 h5 44. Re1 h4 45. Rg1 (45. gxh4 $16 {Threatens to win with Ng5.} Bxh4 46. Rg1) 45... h3 (45... hxg3 $11 {keeps the balance.} 46. hxg3 Kd7) 46. Nf2 Bf3 47. Re1 Kd7 48. Rb1 (48. Ne4 $16) 48... Bc7 49. Bb2 {And now Be5 would win.} Bd6 50. Ne4 Bf8 51. Bc3 Kc6 52. Nd2 (52. Ra1 $14) 52... Bg2 $1 $11 {Threatening ...Nxg3!} 53. Re1 Nxg3 {Hoping for ...Nh5.} 54. Rxe6+ Kd7 55. Rf6 ({But not} 55. Rxb6 Nf5 $17) 55... Bf1+ $2 {[%mdl 8192]} (55... Bd6 $11 56. hxg3 h2) 56. Nxf1 $18 {White is clearly winning.} Nxf1 57. Rxf8 Nxh2 58. Rh8 Nf3 59. Ke3 a3 60. Kf2 a2 61. Kg3 Ng1 62. Ba1 {Precision: White = 54%, Black = 35%.} 1-0

[Event "27th Keres Memorial 2018"]
[Site "Tallinn"]
[Date "2018.01.13"]
[Round "3"]
[White "Chigaev, Maksim"]
[Black "Valner, Uku"]
[Result "1-0"]
[WhiteElo "2639"]
[BlackElo "2267"]
[Annotator "TA"]
[PlyCount "73"]
[EventDate "2018.??.??"]
[EventType "swiss"]
[EventCountry "EST"]
[SourceTitle "playchess.com"]
[Source "ChessBase"]
[SourceQuality "1"]

{[%evp 16,73,43,39,84,90,88,67,110,101,154,133,144,152,148,144,147,144,231,236,224,221,451,395,400,402,402,392,393,422,414,423,426,432,439,439,472,477,462,436,503,501,531,524,583,576,576,573,576,569,613,596,627,636,608,633,622,613,609,596]} 1. e4 e6 2. d4 d5 3. Bd3 dxe4 4. Bxe4 Nf6 5. Bf3 c5 6. Ne2 Nc6 {C01: French: Exchange Variation} 7. Be3 cxd4 (7... Nd5 8. Bxd5 Qxd5 9. Nbc3 Qxg2 10. Rg1 Qf3 11. Nb5 Rb8 12. dxc5 Bd7 13. Nc7+ Kd8 14. Nb5 {0-1 (54) Kramnik,V (2808)-Caruana,F (2808) Stavanger 2017}) 8. Nxd4 Nxd4 9. Qxd4 {LiveBook: 4 Games} Qxd4 10. Bxd4 Bd6 11. Nc3 {[%cal Bb1c3,Bc3a4,Ba4b6][%mdl 32]} a6 12. O-O-O Ke7 $146 (12... Bc7 $142) ({Predecessor:} 12... O-O 13. g3 Be7 14. Na4 {½-½ (53) Valls Marti,A (2133)-Mulay,P (1983) Barcelona 2016}) 13. Rhe1 Rd8 14. g3 Rb8 15. Bb6 Rd7 16. Na4 Ne8 (16... Bc7 $16) 17. Ba7 Ra8 18. Nb6 Nc7 $2 {[#]} (18... Bc5 19. Nxd7 Bxa7) 19. Nxd7 Bxd7 20. Bd4 f6 21. Bxb7 Rb8 22. Be4 e5 23. Be3 g6 {White is clearly winning.} 24. f4 Bg4 25. Rd2 Ne6 26. fxe5 Bxe5 27. c3 a5 28. Bd5 Bf5 29. Bf4 Nc5 30. Bxe5 fxe5 31. Rxe5+ Kf6 32. Re3 h5 33. h4 a4 34. Rd4 Rb6 35. Rc4 Nd3+ 36. Rxd3 $1 Bxd3 37. Rc6+ {Precision: White = 96%, Black = 35%.} 1-0

[Event "27th Keres Memorial 2018"]
[Site "Tallinn"]
[Date "2018.01.13"]
[Round "3"]
[White "Meskovs, Nikita"]
[Black "Dubrovin, Robert"]
[Result "1-0"]
[WhiteElo "2577"]
[BlackElo "2251"]
[Annotator "TA"]
[PlyCount "199"]
[EventDate "2018.??.??"]
[EventType "swiss"]
[EventCountry "EST"]
[SourceTitle "playchess.com"]
[Source "ChessBase"]
[SourceQuality "1"]

{[%evp 17,199,-16,-20,-44,-41,-51,-46,-53,-17,-82,-43,-93,-41,-85,-65,-81,-67,-70,-87,-69,-54,-83,-83,-75,-62,-77,-80,-84,-75,-79,-18,-149,-66,-150,-21,-20,-19,-33,0,0,0,-29,0,0,0,-24,0,-30,25,-23,-23,-31,0,0,0,0,0,0,0,0,0,0,45,45,45,45,45,45,45,45,45,45,45,45,45,45,87,87,131,111,131,131,131,131,131,128,128,128,129,129,129,129,129,128,128,128,128,128,128,128,128,128,128,128,128,128,128,128,128,128,128,128,128,128,128,128,128,128,128,128,128,128,128,128,128,128,128,42,128,128,128,128,128,128,128,128,128,128,128,128,128,128,128,128,128,128,128,128,128,128,128,128,128,106,128,0,128,128,128,128,128,0,128,72,128,128,128,128,163,163,529,503,454,412,372,189,1073,654,647,581,540,499,4477,4477]} 1. e4 c5 2. d3 Nc6 3. Nc3 g6 4. f4 Bg7 5. Nf3 d6 6. Be2 e6 7. O-O Nge7 8. Be3 Nd4 9. Qd2 O-O 10. Kh1 {B23: Closed Sicilian: Lines without g3} (10. Rae1 b6 11. Bd1 Ba6 12. b3 d5 13. Bf2 dxe4 14. Nxe4 Nef5 15. Ne5 Rc8 16. a4 Nc6 17. Ng5 Nxe5 18. fxe5 {½-½ (51) Pessi,E (2160)-Petrisor,A (2392) Baile Olanesti 2013}) 10... b6 $146 ({Predecessor:} 10... Qa5 11. Rae1 Nec6 12. Bd1 b5 13. e5 d5 14. Bg1 Bb7 15. a3 b4 {1-0 (65) Olsarova,T (2288)-Beltz,F (2130) Caleta 2015}) 11. Bxd4 cxd4 12. Nb5 {[%cal Bc3b5,Bb5a3,Ba3c4,Bc4a5][%mdl 32] Black is slightly better.} Nc6 13. a4 (13. c3 $11) 13... Bb7 14. Rae1 Qd7 ({Black should try} 14... e5 $17) 15. f5 a6 16. Na3 exf5 17. exf5 Qxf5 {[#]} 18. Nxd4 $1 {[%mdl 512]} Qd7 $36 {[%mdl 2048] Black has the initiative.} (18... Nxd4 19. Rxf5) 19. Nxc6 Bxc6 20. Nc4 Rab8 21. b3 b5 22. axb5 axb5 23. Na5 b4 (23... Ba8 $17 24. b4 Rfe8) 24. d4 {[#]} (24. Nxc6 $11 {keeps the balance.} Qxc6 25. d4) 24... Bd5 (24... Be4 $1 $17 {And now ...d5 would win.} 25. Nc4 d5) 25. Bc4 {[#]} (25. Nc4 $15) 25... Qa7 (25... Ba8 $1 $17 26. Ra1 Qg4) 26. Bxd5 $11 Qxa5 27. Bc6 Qb6 28. Bd5 $1 Qa5 29. Bc6 Qb6 30. Bd5 $1 Qa5 31. Bf3 Qb6 32. Re7 Rbe8 (32... Bf6 $142 33. Re4 d5) 33. Rxe8 (33. Rb7 $5 {[%cal Rb7b6]} Qxd4 34. Qxd4 Bxd4 35. Rxb4 $11) 33... Rxe8 34. Bd5 Re7 35. Qf4 {[%cal Rd5f7]} Qc7 36. h4 h5 37. Rf3 Qd7 38. Kh2 Qc7 39. Qd2 Qb6 40. Qg5 Qxd4 41. Qxe7 Be5+ 42. g3 Qd2+ 43. Kh3 Qxd5 $14 {[%mdl 4096] Endgame KQR-KQB} 44. Rf1 Kg7 45. Qd7 Bf6 46. Qc8 Qd4 47. Qc4 Qd2 48. Qd3 Qc3 49. Qxc3 ({Resist} 49. Qxd6 $6 Qc8+ 50. Kg2 Qxc2+ 51. Kg1 Qc3 $14) 49... Bxc3 $16 {KR-KB} 50. Rd1 Be5 51. g4 hxg4+ 52. Kxg4 Kf6 53. Rd5 Ke6 54. Rb5 Bc3 55. Kf4 Bd2+ 56. Ke4 f5+ 57. Kd3 Bc3 58. Ke2 Kf6 59. Kf3 Ke6 60. Rb6 Ke5 61. Rb8 Kf6 62. Rd8 Ke6 63. Re8+ Kf6 64. Ke2 Kf7 65. Rb8 Ke6 66. Rb7 Kf6 67. Kf3 Ke6 68. Rh7 Kf6 69. h5 gxh5 70. Rxh5 Ke5 71. Rh8 Bd2 72. Re8+ (72. Ke2 $16 Bc3 73. Rd8) 72... Kf6 (72... Kd4 $1 $14) 73. Ke2 Bc3 74. Kd3 d5 75. Ke3 Kf7 76. Ra8 {Kf4 is the strong threat.} Kf6 77. Kf4 {Threatens to win with Ra6+.} Bd2+ 78. Kf3 Bc3 79. Re8 Kf7 80. Rd8 {Strongly threatening Rd6.} Ke6 81. Rg8 Kf6 82. Rg2 Ke5 83. Ke3 Kf6 84. Re2 Ke5 85. Kf3+ Kf6 86. Re8 (86. Kf4 $16) 86... Bd2 (86... Kf7 $1 $11 87. Rb8 Ke6) 87. Kg3 Bc3 88. Re2 Be5+ 89. Kf3 ({White should play} 89. Kg2 $16) 89... Bb2 (89... Bc3 $1 $11 {remains equal.}) 90. Rd2 (90. Ke3 $142) 90... Ke6 (90... Ke5 $142 91. Re2+ Kf6) 91. Rd1 Bc3 92. Kf4 Be5+ 93. Kg5 Bf6+ $2 (93... Bc3 94. Rd3 d4) 94. Kg6 $18 f4 95. Rf1 Be5 96. Kg5 (96. Re1 $142) 96... d4 $2 (96... Kd7 97. Kg4 Bd6) 97. Re1 {White is clearly winning.} Kd5 98. Kf5 Bd6 99. Rf1 d3 (99... Bb8 $142 100. Kg4 Kc5) 100. Rd1 {Precision: White = 63%, Black = 46%.} 1-0

[Event "27th Keres Memorial 2018"]
[Site "Tallinn"]
[Date "2018.01.13"]
[Round "3"]
[White "Ahvenjarvi, Jani"]
[Black "Kovalenko, Igor"]
[Result "0-1"]
[WhiteElo "2388"]
[BlackElo "2713"]
[Annotator "TA"]
[PlyCount "122"]
[EventDate "2018.??.??"]
[EventType "swiss"]
[EventCountry "EST"]
[SourceTitle "playchess.com"]
[Source "ChessBase"]
[SourceQuality "1"]

{[%evp 13,122,11,19,0,0,0,0,0,30,14,20,27,16,20,33,28,34,17,22,25,44,25,52,27,50,4,25,1,29,20,20,18,32,29,61,6,113,116,99,79,79,79,79,65,91,65,72,78,91,91,109,102,120,130,141,143,208,196,195,215,213,100,109,82,82,68,74,61,133,81,68,66,68,28,35,7,81,0,0,0,0,0,0,0,0,-18,-25,-26,-26,-25,-33,-33,0,-39,-27,-32,-9,-12,-11,-25,-37,-530,-527,-533,-531,-624,-591,-29973,-11391,-29983,-29984]} 1. e4 c5 2. Nf3 d6 3. d4 cxd4 4. Nxd4 Nf6 5. f3 e5 6. Nb3 Be6 7. c4 Nbd7 (7... Nxe4 $6 8. fxe4 Qh4+ 9. Kd2 $16) 8. Be2 {B55: Sicilian: 2...d6 3 d4 cxd4 4 Nxd4 Nf6 5 f3} (8. Be3 Rc8 9. Nc3 Bxc4 10. Bxc4 Rxc4 11. Qd3 Rc6 12. O-O-O Be7 13. g4 O-O 14. Kb1 a6 15. h4 Nc5 16. Nxc5 dxc5 17. Qxd8 Rxd8 18. Rxd8+ Bxd8 {1-0 (38) So,W (2770)-Topalov,V (2761) Leuven 2016}) 8... Rc8 9. Na3 $146 ({Predecessor:} 9. Be3 a6 10. Nc3 Bxc4 11. Bxc4 Rxc4 12. Qd3 Rc7 13. O-O Be7 14. Rfd1 O-O 15. Rac1 b5 16. a4 bxa4 17. Nxa4 Rxc1 18. Rxc1 Re8 {0-1 (18) Zenner,P (1939)-Stiller,J GER email 2006}) 9... Nb6 {[%cal Re6c4]} 10. Na5 {The position is equal.} Qc7 11. Be3 a6 12. O-O Be7 13. Rc1 O-O 14. Qd2 Nbd7 15. b4 b6 16. Nb3 Qb7 17. Rfd1 Rc7 18. Bf1 Rb8 19. Kh1 h5 20. Bg5 Nf8 21. Qe1 N8h7 22. Be3 h4 23. Nd2 ({Reject} 23. Qxh4 Ng4 $17) 23... Nh5 24. Ndb1 (24. b5 $14) 24... Rd7 (24... h3 $1 $11) 25. Nc3 $16 h3 26. g4 Nf4 27. Bxf4 exf4 28. Bxh3 Bf6 29. Qd2 Be5 30. Nd5 g5 31. Bf1 Kg7 32. Nc2 Rh8 33. Qf2 Rdd8 34. Nd4 Rb8 (34... Nf6 $16 35. Nxe6+ fxe6) 35. b5 $18 a5 36. Nc6 Nf6 37. Nxe5 (37. Nxf6 $18 {and White stays clearly on top.} Kxf6 38. Nxb8 Qxb8 39. Rd2) 37... dxe5 $16 38. Nxf6 Kxf6 39. c5 bxc5 40. Rxc5 Rbc8 {[#]} (40... Rhc8 $14) 41. Rdc1 ({Better is} 41. Rxc8 $1 Rxc8 42. h4) 41... Rxc5 42. Rxc5 Qb6 43. Qc2 Rd8 $1 44. Qc3 Rd4 (44... Rd1 $1 $11) 45. Rc6 (45. a3 $16) 45... Qd8 $1 $11 46. b6 {Threatens to win with b7.} Rb4 47. Rc5 Qd6 $1 48. Rxa5 Rxb6 49. Rb5 Rc6 $40 {[%mdl 128] Black has some attack.} 50. Qb2 Qd4 51. Qxd4 exd4 {[%mdl 4096] Endgame KRB-KRB} 52. e5+ Ke7 {[%mdl 1024] Black has compensation.} (52... Kg7 $5 {[%cal Rc6c1]} 53. Bd3 Rc3 $15) 53. Rb4 Rc1 54. Kg2 Rc2+ 55. Kg1 Rd2 {Threatening ...Bd5.} 56. a4 Bd5 57. Bg2 $2 {[%mdl 8192] [#]} ({White has to play} 57. a5 $1 $15) 57... Ke6 $1 $19 58. a5 d3 {[%cal Bd4d3,Bd3d2][%mdl 32]} 59. a6 Ra2 60. Rd4 d2 61. Kf1 Kxe5 {Precision: White = 53%, Black = 55%.} 0-1

[Event "27th Keres Memorial 2018"]
[Site "Tallinn"]
[Date "2018.01.13"]
[Round "3"]
[White "Jezov, Roman"]
[Black "Fridman, Daniel"]
[Result "0-1"]
[WhiteElo "2323"]
[BlackElo "2671"]
[Annotator "TA"]
[PlyCount "98"]
[EventDate "2018.??.??"]
[EventType "swiss"]
[EventCountry "EST"]
[SourceTitle "playchess.com"]
[Source "ChessBase"]
[SourceQuality "1"]

{[%evp 18,98,61,35,98,91,100,95,106,65,81,58,65,41,41,0,53,7,10,27,12,8,0,0,0,-52,69,70,83,62,60,62,68,51,60,25,41,10,39,0,0,0,0,0,0,0,0,0,-4,-81,-73,-88,-85,-89,0,-16,0,0,0,-8,0,0,0,0,18,8,8,0,2,0,0,-8,-8,-8,-8,-8,-8,-8,-8,-8,-8,-616,-600]} 1. e4 c6 2. d4 d5 3. Nc3 dxe4 4. Nxe4 Nf6 5. Nxf6+ exf6 6. c3 {[%cal Bc2c3,Bc3c4][%mdl 32]} Bd6 7. Bd3 Be6 8. Ne2 Qc7 9. Qc2 Nd7 {B15: Caro-Kann: 3 Nc3: 3...g6 and 3...dxe4 4 Nxe4 Nf6 5 Nxf6+ exf6} 10. Be3 {LiveBook: 11 Games} (10. h3 Nf8 11. Bd2 Bd7 12. O-O-O Ne6 13. c4 O-O-O 14. c5 Bf4 15. Bc4 Kb8 {0-1 (53) Jones,G (2623)-Aronian,L (2784) Berlin 2015}) 10... Nb6 (10... c5 $14) 11. c4 $1 $16 {[%cal Rc4c5] And now c5 would win.} Bb4+ {White is better.} 12. Kf1 $1 Be7 13. Bf4 $146 ({Predecessor:} 13. Rc1 f5 14. g3 O-O 15. Bxf5 Nxc4 16. Bxh7+ Kh8 17. Bf4 {½-½ (32) Dovzik,J (2341)-Bayer,B (2434) Austria 2012}) 13... Qd7 14. Rd1 h5 15. Be3 h4 16. f4 Rh5 (16... h3 $11) 17. a4 {next d5! is good for White.} h3 18. Ng3 $1 {[%cal Rg3h5]} hxg2+ 19. Kxg2 Bh3+ 20. Kf2 Rh8 21. d5 (21. a5 $11 Nc8 22. d5) 21... c5 (21... cxd5 $15 22. cxd5 Rc8) 22. b4 Qc7 23. Bf5 $1 Bd6 24. Bxh3 $1 Rxh3 25. Kg2 Rh8 $1 26. Nf5 {Hoping for Rhe1.} Nd7 $1 27. bxc5 Bxc5 28. Bxc5 Nxc5 29. Rhe1+ Kf8 30. d6 Qc6+ 31. Kg1 g6 32. Ne7 Qf3 {...Rh4 is the strong threat.} 33. Qf2 {[#]} (33. Qg2 $11 {remains equal.} Qxf4 34. Qg3) 33... Qxf2+ $1 $17 34. Kxf2 Rxh2+ 35. Kg3 Rh5 (35... Rc2 $17 36. f5 Rc3+ 37. Kg2 Rxc4 38. fxg6 fxg6) 36. f5 Rd8 37. Rd5 $1 {[%cal Rd5c5]} gxf5 {Threatens to win with ...f4+!} 38. Nxf5 ({Don't blunder} 38. Rxc5 $2 {[#]} f4+ $1 {[%mdl 512]} 39. Kf3 Rxc5 $19) 38... b6 39. a5 Rg5+ 40. Kf3 Ne6 {White should prevent ...Rxf5+!} 41. axb6 axb6 42. Red1 Rd7 43. Ne3 Ke8 44. Rf5 Rxf5+ 45. Nxf5 Ra7 46. Rb1 Ra6 47. Ke4 Kd7 48. Kd5 Ra5+ 49. Ke4 $2 {[%mdl 8192]} (49. Rb5 $11) 49... Re5+ {Precision: White = 44%, Black = 61%.} 0-1

[Event "27th Keres Memorial 2018"]
[Site "Tallinn"]
[Date "2018.01.13"]
[Round "3"]
[White "Smirnov, Artem"]
[Black "Turov, Maxim"]
[Result "0-1"]
[WhiteElo "2300"]
[BlackElo "2640"]
[Annotator "TA"]
[PlyCount "54"]
[EventDate "2018.??.??"]
[EventType "swiss"]
[EventCountry "EST"]
[SourceTitle "playchess.com"]
[Source "ChessBase"]
[SourceQuality "1"]

{[%evp 22,54,39,31,53,48,54,41,39,46,46,33,31,58,56,36,38,41,61,21,23,25,46,-62,-58,-223,-222,-421,-392,-658,-655,-626,-250,-5489,-3216]} 1. d4 Nf6 2. c4 g6 3. Nc3 d5 4. Nf3 Bg7 5. e3 O-O 6. Bd2 c5 7. dxc5 Na6 8. cxd5 Nxc5 9. Bc4 a6 10. a4 Bf5 11. O-O Rc8 {D94: Grünfeld: 4 Nf3 Bg7 5 e3} 12. Be1 {LiveBook: 8 Games} Qd6 13. Nd4 $146 ({Predecessor:} 13. Qe2 Nfe4 14. Nd4 Bd7 15. a5 Nxc3 16. bxc3 Qc7 17. Ba2 Qxa5 18. c4 Qc7 {½-½ (30) Smirnov,A (2393)-Kantans,T (2484) Deutschlandsberg 2018}) 13... Nce4 {White is slightly better.} 14. Nxf5 gxf5 15. Ba2 Nxc3 16. bxc3 Ng4 {[%csl Gg4][%cal Rd6h2]} 17. g3 Bxc3 18. Rb1 Bxe1 19. Rxe1 Rc7 20. e4 Qh6 21. h4 Qg6 22. a5 (22. exf5 $14 Qxf5 23. Re2) 22... fxe4 $40 {[%mdl 128] Threatens to win with ...Nxf2! Black is up to no good.} 23. Rb6 $2 (23. Qd4 $15) 23... Qf5 $19 24. Rf1 $2 (24. Qd2 {only move.} Ne5 25. Rb3 Nf3+ 26. Rxf3 exf3 27. Qe3) 24... Rfc8 25. Bb1 $2 {[#]} (25. Rb2 Ne5 26. Bb1) 25... Rc1 $1 {[%mdl 512]} 26. Qe2 (26. Qxc1 Rxc1) 26... Rxf1+ $2 (26... Qf3 27. Qxf3 exf3) 27. Qxf1 $2 {[#]} (27. Kxf1 Qf3 28. Qxf3 exf3 29. Ke1) 27... Rc1 $1 {[%mdl 512] Precision: White = 27%, Black = 56%.} 0-1

[Event "27th Keres Memorial 2018"]
[Site "Tallinn"]
[Date "2018.01.13"]
[Round "3"]
[White "Chukavin, Kirill"]
[Black "Neiksans, Arturs"]
[Result "0-1"]
[WhiteElo "2267"]
[BlackElo "2590"]
[Annotator "TA"]
[PlyCount "106"]
[EventDate "2018.??.??"]
[EventType "swiss"]
[EventCountry "EST"]
[SourceTitle "playchess.com"]
[Source "ChessBase"]
[SourceQuality "1"]

{[%evp 15,106,-2,24,-1,60,60,68,62,53,0,7,-4,26,0,208,72,114,13,103,-23,0,-247,-241,-266,-77,-260,-234,-265,-275,-272,-119,-118,-108,-99,-138,-95,0,0,0,0,0,0,0,0,21,-33,0,-55,-19,-47,-45,-33,-27,-60,-45,-327,-17,-17,-26,-53,-46,-58,-52,-170,-54,-64,-34,-121,-105,-100,-108,-170,-117,-429,-422,-403,-186,-294,-320,-365,-374,-331,-331,-329,-322,-29954,-4778,-29960,-29957,-6079,-5583,-29997,-674]} 1. e4 c5 2. Nf3 Nc6 3. d4 cxd4 4. Nxd4 e6 5. Nc3 Qc7 6. Be2 a6 7. O-O Nf6 8. Kh1 b5 {LiveBook: 84 Games} 9. f4 {B47: Sicilian: Taimanov: 5 Nc3 Qc7 6 f4, 6 g3 and 6 Be2} (9. Nxc6 dxc6 10. f4 Be7 11. e5 Nd5 12. Ne4 Bb7 13. c4 bxc4 14. Bxc4 O-O 15. Bd2 c5 16. Qg4 Ne3 17. Bxe3 Bxe4 18. Bd2 Qc6 19. Bc3 Rad8 20. Rae1 g6 21. Qe2 {½-½ (21) Azarov,S (2621)-Jurcik,M (2510) Rijeka 2010}) 9... b4 (9... Nxd4 $11 10. Qxd4 Bb7) 10. e5 $14 bxc3 11. exf6 {White is slightly better.} gxf6 12. bxc3 Bb7 13. Bf3 Be7 $146 ({Predecessor:} 13... Na5 14. Qd3 Bxf3 15. Rxf3 Nc4 16. Be3 Rc8 {1-0 (59) Erdenepurev,B (2146)-Bayarkhuu,H (1908) Ulaanbaatar 2013}) 14. Rb1 O-O $2 (14... Nd8 $11) 15. f5 (15. Be4 $1 $18 f5 16. Nxf5 $1 {[%mdl 512]} exf5 17. Bxf5) 15... Kh8 $16 16. c4 (16. fxe6 $16 fxe6 17. Bf4) 16... Rg8 (16... Rfb8 $11 {keeps the balance.}) 17. Rb3 (17. fxe6 $1 $16 fxe6 18. Be4) 17... Rab8 18. Be4 $2 (18. Bxc6 $11 {and White is okay.} Bxc6 19. Nxc6 Qxc6 20. Qe2) 18... Nxd4 $1 $19 19. Rh3 {Intending Rxh7+! and mate.} Rg7 $2 (19... Qxc4 20. Rxh7+ $1 {[%mdl 512]} Kxh7 21. Qh5+ Kg7 22. Qh6#) (19... Nxf5 $19 20. Rxf5 Rg7) 20. Bh6 $2 {[#]} (20. Qxd4 $17 {was forced.} Rg4 21. Qd1 Qxc4 22. Bxb7 Rxb7 23. Re1) 20... Rxg2 $1 {[%mdl 512]} 21. Bxg2 Bxg2+ ({Weaker is} 21... Qxc4 22. Bg7+ Kg8 23. Rg1 $14) 22. Kxg2 Nxf5 (22... Qc6+ $19 {and Black stays clearly on top.} 23. Kf2 Nxf5) 23. Bf4 Rg8+ 24. Kh1 Qc6+ (24... Qxc4 $2 25. Qd3 $19) 25. Qf3 Rc8 ({Of course not} 25... Qxc4 $6 26. Rxh7+ $3 {[%mdl 512]} Kxh7 27. Qh3+ Kg7 28. Qg2+ Kh7 29. Qh3+ Kg7 30. Qg2+ Kh8 31. Qh3+ Kg7 $11) (25... Qc8 $17 26. Rg1 Rg6) 26. Qxc6 $11 Rxc6 27. Rb3 {Threatens to win with Rb8+.} h6 28. Rb7 Rxc4 29. Rxd7 Kh7 30. Rd2 (30. Bg3 $11) 30... Bc5 31. Rf3 ({Better is} 31. Rd7 $11) 31... Rb4 32. Bg3 Ne3 33. Re2 Nd5 34. Rb3 Rc4 35. Bf2 $2 {[%mdl 8192] [#]} (35. Rb7 $15) 35... f5 $2 (35... Nc3 $1 $19 {[%cal Rc3e2]} 36. Rxc3 Rxc3) 36. Bxc5 Rxc5 {[%mdl 4096] Endgame KRR-KRN} 37. Rd2 Kg6 38. Ra3 a5 39. Kg2 (39. Rg3+ $15 Kf6 40. Rh3) 39... Nb4 ({Black should try} 39... f4 $19 40. Kf3 Kf5) 40. c4 Nc6 41. Rc2 ({White should play} 41. Rc3 $15) 41... Nd4 42. Rd2 e5 43. Kf2 (43. Rg3+ $17 Kf6 44. Rh3) 43... f4 (43... Rxc4 $19 {aiming for ...e4.} 44. Rxa5 f6) 44. Rb2 $2 {[%mdl 8192]} (44. Rc3 $17) 44... Rxc4 $19 45. Rxa5 Kf5 (45... e4 $142 {White must now prevent ...e3+.} 46. Kg2 e3 47. Rb6+ Kg7) 46. a4 (46. Rd2 $142) 46... f6 47. Ra2 Kg4 48. Ra8 e4 49. Rg8+ Kh4 {( -> ...e3+)} 50. Ra1 $2 (50. Re8 $19 e3+ 51. Rxe3 fxe3+ 52. Kxe3) 50... e3+ (50... Rc2+ $142 51. Kf1 e3 52. Rg2 e2+ 53. Rxe2 Rxe2 54. Rd1 Rxh2 55. Rxd4 Kg3 56. Ke1 f3 57. Rd3 Ra2 58. a5 Kg2 59. Rxf3 Kxf3 60. Kd1 h5 61. Kc1 h4 62. Kb1 Rxa5 63. Kc2 h3 64. Kb3 h2 65. Kb4 Rh5 66. Kb3 h1=Q 67. Kc4 Qb1 68. Kc3 Rc5+ 69. Kd4 Qb4+ 70. Kd3 Qc3#) 51. Kf1 Rc2 52. Rg2 e2+ 53. Ke1 Nf3+ {Precision: White = 23%, Black = 35%.} 0-1

[Event "27th Keres Memorial 2018"]
[Site "Tallinn"]
[Date "2018.01.13"]
[Round "3"]
[White "Shilnikov, Igor S"]
[Black "Potkin, Vladimir"]
[Result "0-1"]
[WhiteElo "1774"]
[BlackElo "2650"]
[Annotator "TA"]
[PlyCount "57"]
[EventDate "2018.??.??"]
[EventType "swiss"]
[EventCountry "EST"]
[SourceTitle "playchess.com"]
[Source "ChessBase"]
[SourceQuality "1"]

{[%evp 21,57,-8,-7,-4,0,-25,0,0,0,0,-2,-14,9,-68,-68,-68,-68,-68,-60,-72,-58,-101,-101,-101,-100,-93,-100,-106,-105,-197,-210,-418,-415,-954,-945,-952,-944,-29990]} 1. d4 d5 2. Nf3 Nf6 3. g3 Bf5 4. Bg2 e6 5. O-O c6 6. c4 Nbd7 7. b3 Be7 8. Bb2 O-O 9. Nbd2 h6 10. Re1 a5 {A12: English Opening: 1...c6 with b3 by White} 11. a3 Ne4 {LiveBook: 11 Games} 12. e3 Bf6 {The position is equal.} 13. b4 b5 14. cxb5 cxb5 15. Nxe4 Bxe4 16. Bf1 Nb6 17. bxa5 ({White should play} 17. Bxb5 $11 axb4 18. Nd2) 17... Na4 $36 {[%mdl 2048] Black has some pressure.} 18. Ra2 Qxa5 {[#] And now ...Bxf3 would win.} 19. Nd2 $146 Bg6 20. Nb3 Qb6 21. Nc5 Nxc5 22. dxc5 Qxc5 23. Bxf6 gxf6 24. Qa1 Rfc8 25. Qxf6 (25. Qb2 $17) 25... Rxa3 $19 26. Rb2 $2 {[#]} (26. Rxa3 Qxa3 27. Ra1) 26... b4 {[%cal Bb5b4,Bb4c3][%mdl 32]} 27. Bh3 (27. Rd1 $142 Qc3 28. Qd4) 27... Qc3 28. Qxc3 bxc3 (28... Raxc3 $2 29. Rxb4 Rc1 30. Rxc1 $17) 29. Bf1 {Precision: White = 25%, Black = 70%.} 0-1